Análisis de la figura de tiempo compartido, a cinco años de vigencia del Código Civil y Comercial (Registro nro. 31899)
[ vista simple ]
| 000 -LEADER | |
|---|---|
| fixed length control field | 00400 a2200109 4500 |
| 001 - CONTROL NUMBER | |
| control field | ART_51172 |
| 005 - DATE AND TIME OF LATEST TRANSACTION | |
| control field | 20260410162008.0 |
| 008 - FIXED-LENGTH DATA ELEMENTS--GENERAL INFORMATION | |
| fixed length control field | 260409a |
| 100 1# - MAIN ENTRY--PERSONAL NAME | |
| Personal name | Fossaceca, Carlos Alberto (h) |
| 245 10 - TITLE STATEMENT | |
| Title | Análisis de la figura de tiempo compartido, a cinco años de vigencia del Código Civil y Comercial |
| 773 0# - HOST ITEM ENTRY | |
| Title | Temas de derecho civil |
| Related parts | - Año 6, N° 9 (sep. 2020) |
| Record control number | REV34778 |
No hay ítems disponibles.